000 00284nam a22001337a 4500
008 210312b ||||| |||| 00| 0 eng d
041 _aeng
080 _22nd
_a82
082 _a82
100 _a21
101 _aGJL
245 _aAdvanced Skills in Reading
_cGates
942 _2udc
_cBK
999 _c56501
_d56501